000
00335nam a2200145Ia 4500
008
230718s9999 xx 000 0 und d
041
_a
Eng.
082
_a
307.76
_b
POY-W
100
_a
Poya, Maryam
245
0
_a
women, work & Islamia-
260
_a
Pakistan
_b
oxford our press
_c
1999
300
_a
186
650
_a
Law
999
_c
26128
_d
26128